Εφαρμοσμένα μαθηματικά

Αποθηκεύτηκε σε:
Λεπτομέρειες βιβλιογραφικής εγγραφής
Κύριος συγγραφέας: Αθανασιάδης, Ανδρέας Γ.
Μορφή: Βιβλίο
Γλώσσα:Greek
Δημοσίευση: Θεσσαλονίκη : Ζήτη, 2003.
Θέματα:
Ετικέτες: Προσθήκη ετικέτας
Δεν υπάρχουν, Καταχωρήστε ετικέτα πρώτοι!

MARC

LEADER 00000nam a2200000 a 4500
001 1/125852
008 230112t2003####gr | ||| |||| ||gre||
020 |a 9604318489 
040 |a GR-MyUa  |b gre  |c GR-MyUa  |e AACR2 
041 0 |a gre 
082 7 |a 515   |2 (23) 
100 1 |a Αθανασιάδης, Ανδρέας Γ. 
245 1 0 |a Εφαρμοσμένα μαθηματικά /   |c Ανδρέα Γ. Αθανασιάδη.  
260 |a Θεσσαλονίκη :   |b Ζήτη,   |c 2003.  
300 |a 392 σ. ;   |c 24 εκ.  
500 |a Συνήθεις διαφορικές εξισώσεις. -- Μετασχηματισμός Laplace. -- Σειρές Fourier. -- Μετασχηματισμός Fourier. -- Μετασχηματισμός Ζ.  
504 |a Περιέχει βιβλιογραφικές αναφορές.  
650 0 |a Differential equations 
650 0 |a Laplace transformation 
650 0 |a Fourier transformations 
650 0 |a Fourier series 
650 0 |a Z transformation. 
852 |a INST  |b SAMOS  |e 20230112  |h 515 ΑΘΑ  |p 005300047420  |q 005300047420  |t BK  |y 0 
970 |a Γουβάλα  |b Βάσω  |z 12-1-2023